This, But Not That XVI Quiz Stats

 Plays Quiz Updated Nov 5, 2019

Score 0/18 Timer 05:00
10 Plays Today
% Correct
Sporcle Categories
89.6%
Planets in Our Solar System
87.5%
Nobel Prize Categories
87.4%
Disney Dogs
86.8%
Candy Bars from the 1930's
83.3%
Titles Used by Roman Emperors
83.2%
Gods of the Sea
82.9%
Classical Simple Machines
78.6%
Madonna Songs
77%
% Correct
Defunct American Car Companies
76.8%
Browser Features
75.6%
Salads
74.7%
Wimbledon Winners' First Names
72.8%
Muppets from The Muppet Show
64.6%
In the Baseball Hall of Fame
64.5%
Members of Queen
61.5%
Bar Soaps
59.3%
Fabric Measurements
55.2%

You're not logged in!

Compare scores with friends on all Sporcle quizzes.
OR
Log In

Sporcle TV

Today on Sporcle TV


Watch our educational content, quiz creation guides, and fun videos on Sporcle TV.

Show Comments

Extras

Top Quizzes Today


Score Distribution

Your Account Isn't Verified!

In order to create a playlist on Sporcle, you need to verify the email address you used during registration. Go to your Sporcle Settings to finish the process.

Report this User

Report this user for behavior that violates our Community Guidelines.

Details: